Los felices 90 : (Registro nro. 14555)

Detalles MARC
000 -LIDER
fixed length control field 01722nam a2200481 c 4500
001 - NÚMERO DE CONTROL
Identificador de número de control 58989
003 - IDENTIFICACDOR DE NÚMERO DE CONTROL
control field DO-SdBNP
005 - DATE AND TIME OF LATEST TRANSACTION
control field 20240206114807.0
007 - CAMPOS FIJOS DE DESCRIPCIÓN FÍSICA
fixed length control field 58989
008 - ELEMENTOS DE LONGITUD FIJA
fixed length control field 150623s2004 mx || 000 0 spa
015 ## - NÚMERO DENTRO DE LA BIBLIOGRAFÍA NACIONAL
National bibliography number
017 ## - NÚMERO DE REGISTRO DE DERECHOS DE AUTOR
Copyright or legal deposit number
Assigning agency
020 ## - ISBN
International Standard Book Number 9681914481
035 ## - NÚMERO LOCAL
System control number
040 ## - FUENTE DE CATALOGACIÓN
Agencia que crea de manera original el registro BPMSU
Idioma de catalogación spa
Agencia que realiza la transcripción BPMSU
Convenciones de la despripción
080 ## - NÚMERO DE CLASIFICACIÓN DECIMAL UNIVERSAL
Universal Decimal Classification number
080 ## - NÚMERO DE CLASIFICACIÓN DECIMAL UNIVERSAL
Universal Decimal Classification number
082 #4 - NÚMERO DE CLASIFICACIÓN DECIMAL DE DEWEY
Classification number 330.973
Item number S855f 2004
Edition number 22
100 1# - ASIENTO PRINCIPAL -- NOMBRE PERSONAL
Nombre personal Stiglitz, Joseph E.
Fechas asociadas con el nombre 1943-
Término de relación
245 14 - MENCIÓN DE TITULO
Título Los felices 90 :
Subtítulo la semilla de la destrucción /
Mención de responsabilidad Joseph E. Stiglitz ; traducción de Victoria Gordo del Rey y Moisés Ramírez Trapero ; revisión técnica de Carlos Rodríguez Braun.
246 14 - VARIACION DEL TÍTULO
Título propiamente dicho o título corto La década más próspera de la historia como causa de la crisis económica actual
250 ## - MENCIÓN DE EDICION
Mención de edición
260 ## - PUBLICACIÓN, DISTRIBUCIÓN, ETC. (PIE DE IMPRENTA)
Lugar de publicación, distribución, etc México, D.F. :
Nombre del editor, distribuidor, etc. Taurus,
Fecha de publicación, distribución, etc 2004
300 ## - DESCRIPCIÓN FÍSICA
Extensión 415 p. ;
Dimensiones 23 cm
336 ## - CONTENT TYPE
Content type term
Source
337 ## - MEDIA TYPE
Media type term
Source
490 0# - MENCIÓN DE SERIES
Mención de serie Pensamiento
500 ## - NOTA GENERAL
Nota general Incluye datos biográficos del autor en la solapa de la cubierta
504 ## - NOTA DE BIBLIOGRAFÍA, ETC.
Bibliography, etc
534 ## - NOTA SOBRE LA VERSIÓN ORIGINAL
Frase introductoria Título original :
Mención del título original The roaring nineties : a new history of the world's most prosperous decade.
Asiento principal del original
586 ## - AWARDS NOTE
Awards note Premio Nobel de Economía
590 ## - NOTA LOCAL
Texto de la nota local Inventariado, 2024/VM
610 14 - ENCABEZAMIENTO DE MATERIA--NOMBRE CORPORATIVO
Nombre corporativo o de jurisdicción Enron Corporation
Subdivisión temática general Contabilidad.
Fecha de la reunión o acuerdo de la firma del tratado
650 #4 - ENCABEZAMIENTO DE MATERIA--TEMÁTICO
Término temático o nombre geográfico como elemento de entrada Globalización
Subdivisión geográfica Eestados Unidos
650 #4 - ENCABEZAMIENTO DE MATERIA--TEMÁTICO
Término temático o nombre geográfico como elemento de entrada Economía
Subdivisión geográfica Estados Unidos
Subdivisión cronológica 1981-2003.
651 #4 - ENCABEZAMIENTO DE MATERIA--NOMBRE GEOGRÁFICO
Nombre geográfico Estados Unidos
Subdivisión temática general Política económica
Subdivisión cronológica
651 #4 - ENCABEZAMIENTO DE MATERIA--NOMBRE GEOGRÁFICO
Nombre geográfico Bancos
Subdivisión geográfica Estados Unidos
Subdivisión cronológica 1981-2003.
Subdivisión temática general
700 1# - ASIENTO SECUNDARIO -- NOMBRE PERSONAL
Nombre personal Ramírez Trapero, Moisés,
Mención de responsabilidad tr.
Materiales especificados
700 1# - ASIENTO SECUNDARIO -- NOMBRE PERSONAL
Nombre personal Gordo del Rey, Victoria,
Mención de responsabilidad tr.
700 1# - ASIENTO SECUNDARIO -- NOMBRE PERSONAL
Nombre personal Rodríguez Braun, Carlos,
Fechas asociadas con el nombre 1948-
Mención de responsabilidad revisión
Materiales especificados
910 ## - VALIDACIÓN
Validación VMateo V. Control de calidad. BPMSU
942 ## - ADDED ENTRY ELEMENTS (KOHA)
Source of classification or shelving scheme Dewey Decimal Classification
Koha item type Libros
Existencias
Withdrawn status Lost status Source of classification or shelving scheme Damaged status Not for loan Collection code Home library Current library Date acquired Total Checkouts Full call number Barcode Date last seen Price effective from Koha item type
    Dewey Decimal Classification     Colección General Biblioteca Pública Metropolitana Salomé Ureña Biblioteca Pública Metropolitana Salomé Ureña 02/06/2024   BPMSU CG 330.973 S855f 2004 BPMSU24020008 02/06/2024 02/06/2024 Libros